000 00894nam a2200265 a 4500
001 16038
003 BD-RjUL
005 20211208235934.0
008 140211s1954 nyu 001 0 eng d
035 _a(BD-RjUL)16093
040 _aANL
_beng
_cANL
_dBD-RjUL
041 _aeng
082 0 0 _a669
_bMET 1954
_223
245 0 0 _aMetals properties /
_cSamuel L. Hoyt.
250 _a1st.ed.
260 _aNew York :
_bMcGraw-Hill,
_cc1954.
300 _ax, 433 p. :
_billus. ;
_c25 cm.
500 _aIncludes "engineering data on metallurgical, physical, fabrication, and mechanical properties of typical metals."--Pref.
650 0 _aMetals.
_949657
650 0 _aMachine design.
_940060
700 1 _aHoyt, Samuel L.
_q(Samuel Leslie),
_d1888-
_9235046
710 2 _aAmerican Society of Mechanical Engineers.
_tASME handbook.
_949659
942 _2ddc
_cBK
999 _c16038
_d16038